000 00795nam a22001817a 4500
999 _c80998
_d80998
008 201130b ||||| |||| 00| 0 eng d
040 _bger
_cDE-2950
_erda
_aDE-2950
041 _ager
100 _aGöres, Joachim:
245 _aNachfrage nach Balkonen wächst.
_bImmobilien: Die Vorbauten sind nicht nur bei neu errichteten Wohnhäusern ein Muss. Warum wie in Frankfurt (Oder) die Nachfrage nach Modernisierungen groß ist uns was das für Mieter bedeutet /
_cJoachim Göres
653 _aFrankfurt (Oder)
653 _aWohnungsbau / Architektur
773 _dFrankfurt (Oder): Märkisches Verlags- und Druckhaus GmbH & Co KG
_g32. Jahrgang (2021) Nr. 102 vom 04.05.2021, S. 5
_tMärkische Oderzeitung
942 _cA